00278nam a2200097Ia 4500008004100000020003000041082001600071100002400087245004600111300002300157210430s9999 xx 000 0 und d a9781569905487 (hardcover) a620.1920287 aGrellmann, Wolfgang aPolymer testing 2nd/cGrellmann, Wolfgang axxxiv, 678 pages :